Statistics for Bands by Initials of Members

Click here to take the quiz!

General Stats

  • This quiz has been taken 45 times
  • The average score is 9 of 15

Answer Stats

HintAnswer% Correct
JL, PM, GH, RSThe Beatles
93%
MJ, KR, CW, BW, BJ, MTThe Rolling Stones
88%
RP, JP, JB, JPJLed Zeppelin
73%
EC, JB, GBCream
71%
RD, PT, KM, JEThe Who
66%
DLR (replaced by SH), EVH, AVH, MAVan Halen
66%
FM, BM, JD, RTQueen
63%
S, SC, ASThe Police
61%
B, TE, AC, LMU2
61%
JM, RM, RK, JDThe Doors
59%
AR, S, DM, IS, SAGuns N' Roses
54%
KC, DG, KNNirvana
51%
RW, DG, SB, NM, RWPink Floyd
44%
ST, JP, BW, JK, THAerosmith
39%
GL, AL, NPRush
24%

Score Distribution

Percentile by Number Answered

Percent of People with Each Score

Your Score History

You have not taken this quiz